|
|
|
|
| LEADER |
00000nam a2200000 a 4500 |
| 001 |
vtls001331317 |
| 003 |
SK-MaSNL |
| 005 |
20260301235711.0 |
| 008 |
251113s1998 GB a rus |
| 020 |
|
|
|a 0751386863
|c b.c.
|
| 035 |
|
|
|a SNK000284196
|
| 035 |
|
|
|a urn:nbn:sk:snk-amtjma
|
| 035 |
|
|
|a urn:nbn:sk:snk-am00c5mf
|
| 035 |
|
|
|a D776F7CD-B081-45D1-906C-C2E3D12E5B49
|
| 040 |
|
|
|a SNK
|b slo
|c SNK
|e AACR2
|
| 041 |
0 |
|
|a rus
|
| 044 |
|
|
|a GB
|
| 080 |
|
|
|a 28/29(091)(084.12)
|2 1981
|
| 100 |
1 |
|
|a Langley, Myrtle
|4 aut
|9 45225
|
| 245 |
1 |
0 |
|a Religija
|c avtor teksta Mirtl Lengli ; [perevod s anglijskogo Grigorija Tkačenko]
|
| 260 |
|
|
|a London [etc]
|b Dorling Kindersli
|c 1998
|e [Martin]
|f Neografija
|
| 300 |
|
|
|a 59 s.
|c 29 cm
|
| 490 |
1 |
|
|a Očevidec, obo vsem na svete
|
| 650 |
0 |
7 |
|a náboženstvá svetové
|x dejiny
|x knihy detské ilustrované
|2 SNK
|9 633288
|
| 830 |
|
0 |
|a Očevidec, obo vsem na svete
|9 288618
|
| 919 |
|
|
|a 0-7513-8686-3
|
| 999 |
|
|
|c 976243
|d 978173
|
| 952 |
|
|
|t P60, <03>, [BOOK], {603}
|a SNK
|b SNK
|y PREZ
|7 0
|p 17A0138746
|o snkSB 58801
|i snkKSP 5274/98
|0 0
|1 0
|4 0
|d 1998-05-18
|f 1
|l 0
|r 2017-06-30 00:00:00
|w 2026-02-24
|